00532nam a2200193 a 4500001001300000003000900013005001700022008004100039020001000080082001300090100003200103245003400135260004900169300000900218500003500227505002300262650002100285700003200306nice12345678IN_TiNIC20260116011424.0050524s1933 newa grp 000 0 eng  ac10000a297bPUP aPrinceton University, Press aMacdonald Presentation Volume aNew JersybPrinceston University Pressc1933 a487p aincludes index and biblioraphy2 aAppendices, Plates aIslam-Miscellany1 aPrinceton University, Press